<?xml version="1.0" encoding="UTF-8"?>
<record
    xmlns:xsi="http://www.w3.org/2001/XMLSchema-instance"
    xsi:schemaLocation="http://www.loc.gov/MARC21/slim http://www.loc.gov/standards/marcxml/schema/MARC21slim.xsd"
    xmlns="http://www.loc.gov/MARC21/slim">

  <leader>00788nam a22001931  4500</leader>
  <controlfield tag="001">22964</controlfield>
  <controlfield tag="003">CZ PrNK</controlfield>
  <controlfield tag="005">20260513081845.0</controlfield>
  <controlfield tag="008">020307s1991    xo                  slo  </controlfield>
  <datafield tag="020" ind1=" " ind2=" ">
    <subfield code="a">8071180262</subfield>
  </datafield>
  <datafield tag="040" ind1=" " ind2=" ">
    <subfield code="a">ABA001</subfield>
    <subfield code="b">cze</subfield>
    <subfield code="c">ABA001</subfield>
    <subfield code="d">ABA001</subfield>
  </datafield>
  <datafield tag="041" ind1="1" ind2=" ">
    <subfield code="a">slo</subfield>
    <subfield code="h">ger</subfield>
  </datafield>
  <datafield tag="100" ind1="1" ind2=" ">
    <subfield code="a">Treben, Maria,</subfield>
    <subfield code="d">1907-1991</subfield>
    <subfield code="4">aut</subfield>
  </datafield>
  <datafield tag="245" ind1="1" ind2="0">
    <subfield code="a">Lie&#x10D;ebn&#xE9; &#xFA;spechy Marie Trebenovej :</subfield>
    <subfield code="b">Listy a spr&#xE1;vy o lie&#x10D;ebn&#xFD;ch &#xFA;spechoch pod&#x13E;a bylink&#xE1;rskej kni&#x17E;ky Zdravie z Bo&#x17E;ej lek&#xE1;rne /</subfield>
    <subfield code="c">Z nem. orig. Maria Treben's Heilerfolge - Briefe und Berichte von Heilerfolgen mit dem Kr&#xE4;uterbuch Gesundheit aus der Apotheke Gottes prel. Katar&#xED;na Hatalov&#xE1; ; Barev. il. Robert Sch&#xF6;ller</subfield>
  </datafield>
  <datafield tag="260" ind1=" " ind2=" ">
    <subfield code="a">Bratislava :</subfield>
    <subfield code="b">Ikar,</subfield>
    <subfield code="c">1991</subfield>
  </datafield>
  <datafield tag="300" ind1=" " ind2=" ">
    <subfield code="a">93 s. ;</subfield>
    <subfield code="c">4&#xB0;</subfield>
  </datafield>
  <datafield tag="910" ind1=" " ind2=" ">
    <subfield code="a">ABA001</subfield>
  </datafield>
  <datafield tag="942" ind1=" " ind2=" ">
    <subfield code="2">ddc</subfield>
    <subfield code="c">OLDO</subfield>
    <subfield code="n">0</subfield>
  </datafield>
  <datafield tag="999" ind1=" " ind2=" ">
    <subfield code="c">22964</subfield>
    <subfield code="d">22964</subfield>
  </datafield>
  <datafield tag="952" ind1=" " ind2=" ">
    <subfield code="0">0</subfield>
    <subfield code="1">0</subfield>
    <subfield code="4">0</subfield>
    <subfield code="7">0</subfield>
    <subfield code="8">D</subfield>
    <subfield code="a">OKTUS</subfield>
    <subfield code="b">OKTUS</subfield>
    <subfield code="d">2026-05-13</subfield>
    <subfield code="l">0</subfield>
    <subfield code="p">4738001258</subfield>
    <subfield code="r">2026-05-13 08:18:56</subfield>
    <subfield code="w">2026-05-13</subfield>
    <subfield code="y">OLDO</subfield>
  </datafield>
</record>
